[Event "Chigorin Memorial"]
[Site "St Petersburg RUS"]
[Date "2012.11.02"]
[Round "7.53"]
[White "Martynov, Pavel2"]
[Black "Baryshpolets, Andrey"]
[Result "0-1"]
[BlackTitle "IM"]
[WhiteElo "2303"]
[BlackElo "2510"]
[WhiteFideId "4122186"]
[BlackFideId "14117207"]
[EventDate "2012.10.27"]

1. d4 Nf6 2. c4 g6 3. Nc3 Bg7 4. e4 d6 5. Nf3 O-O 6. h3 Na6 7. Bg5 c6 8. Be2 h6
9. Be3 e5 10. d5 cxd5 11. cxd5 Nh5 12. g3 f5 13. exf5 gxf5 14. Nh4 f4 15. Bxh5
fxe3 16. Ne4 Qa5+ 17. Kf1 Nc5 18. Nxd6 Qa6+ 19. Kg1 exf2+ 20. Kg2 Qxd6 0-1

[Event "Chigorin Memorial"]
[Site "St Petersburg RUS"]
[Date "2012.11.02"]
[Round "7.55"]
[White "Valli, Frans"]
[Black "Oparin, Grigoriy"]
[Result "0-1"]
[BlackTitle "IM"]
[WhiteElo "2240"]
[BlackElo "2484"]
[WhiteFideId "506087"]
[BlackFideId "24125890"]
[EventDate "2012.10.27"]

1. e4 c5 2. Nf3 d6 3. d4 cxd4 4. Nxd4 Nf6 5. Nc3 a6 6. Be3 e6 7. f3 b5 8. Qd2
Nbd7 9. g4 Nb6 10. a4 Nc4 11. Bxc4 bxc4 12. a5 Bb7 13. Nde2 Nd7 14. O-O Rc8 15.
Bf4 Ne5 16. Na4 c3 17. Nexc3 Qxa5 18. Qf2 Qc7 19. Be3 Be7 20. Nb6 Rb8 21. Nca4
O-O 22. b3 Qd8 23. Qe2 f5 24. gxf5 exf5 25. Nd5 Bh4 26. Nab6 Qe8 27. Bd4 Rf7 28.
Qg2 Qe6 29. Nf4 Qh6 30. Nbd5 Rbf8 31. Be3 Bg5 32. Kh1 Bxd5 33. Nxd5 Bxe3 34. f4
Ng4 35. exf5 Qh4 36. h3 Nf2+ 37. Kh2 Bxf4+ 38. Nxf4 Qxf4+ 0-1

[Event "Chigorin Memorial"]
[Site "St Petersburg RUS"]
[Date "2012.11.02"]
[Round "7.57"]
[White "Moiseenko, Vadim"]
[Black "Molchanova, Tatjana"]
[Result "1-0"]
[BlackTitle "WGM"]
[WhiteElo "2477"]
[BlackElo "2303"]
[WhiteFideId "4123700"]
[BlackFideId "4132203"]
[EventDate "2012.10.27"]

1. d4 d5 2. Nf3 c6 3. e3 Bf5 4. Bd3 Bxd3 5. cxd3 g6 6. Nc3 Bg7 7. Qb3 Qb6 8. Qc2
Nf6 9. Bd2 Nbd7 10. O-O O-O 11. b4 Rfe8 12. Rab1 a6 13. Na4 Qc7 14. Bc3 Nf8 15.
Nc5 N6d7 16. Qb2 Rab8 17. a4 Qd6 18. b5 axb5 19. axb5 e5 20. Nxd7 Nxd7 21. dxe5
Nxe5 22. Nxe5 Bxe5 23. Bxe5 Rxe5 24. bxc6 Rh5 25. h3 Qxc6 26. Rfc1 Qa6 27. Qd4
Rf5 28. Rb6 Qa2 29. f4 Qd2 30. Rf1 Rh5 31. Rb2 Qa5 32. Rc1 b5 33. Kh2 Re8 34.
Rbc2 Qa8 35. Rc7 g5 36. Qf6 Rf8 37. g4 1-0

[Event "Chigorin Memorial"]
[Site "St Petersburg RUS"]
[Date "2012.11.02"]
[Round "7.58"]
[White "Faizrakhmanov, Ramil"]
[Black "Golovin, Leonid"]
[Result "1-0"]
[WhiteElo "2283"]
[BlackElo "2475"]
[WhiteFideId "24103209"]
[BlackFideId "4113381"]
[EventDate "2012.10.27"]

1. d4 Nf6 2. c4 e6 3. Nf3 b6 4. g3 Ba6 5. b3 b5 6. cxb5 Bxb5 7. Nc3 Ba6 8. Bg2
d5 9. O-O Nbd7 10. Bb2 Bd6 11. Rc1 Nb6 12. Ne1 O-O 13. Nd3 Nfd7 14. Qd2 Rb8 15.
Nb1 Bxd3 16. Qxd3 a5 17. Na3 a4 18. Nb5 axb3 19. axb3 Rb7 20. Nxd6 cxd6 21. Ba3
Nb8 22. Rc2 f5 23. Rfc1 Qd7 24. e3 Rc8 25. Bf1 Rxc2 26. Qxc2 Kf7 27. Bb4 Nc8 28.
Bd2 Na7 29. g4 g6 30. gxf5 gxf5 31. Kh1 Qe7 32. f4 Qh4 33. Be1 Qh5 34. Be2 Qh3
35. Bg3 Nbc6 36. Bf1 Qg4 37. Be2 Qh3 38. Rg1 Ne7 39. Bf2 Ng8 40. Rg3 Qh6 41. Ba6
Rd7 42. b4 Qf8 43. Rg1 Nf6 44. b5 Ne4 45. b6 Nc6 46. Bh4 Ne7 47. Bxe7 Qxe7 48.
Qe2 Qd8 49. b7 Qc7 50. Qh5+ Kf8 1-0

[Event "Chigorin Memorial"]
[Site "St Petersburg RUS"]
[Date "2012.11.02"]
[Round "7.59"]
[White "Yagupov, Igor"]
[Black "Ulyanin, Sergei"]
[Result "1/2-1/2"]
[WhiteTitle "GM"]
[BlackTitle "FM"]
[WhiteElo "2465"]
[BlackElo "2308"]
[WhiteFideId "4113632"]
[BlackFideId "24105805"]
[EventDate "2012.10.27"]

1. e4 c6 2. c4 d5 3. cxd5 cxd5 4. exd5 Nf6 5. Nc3 Nxd5 6. Nf3 Nc6 7. Bc4 e6 8.
O-O Be7 9. d4 O-O 10. Re1 Bf6 11. Ne4 Be7 12. a3 b6 13. Qd3 Bb7 14. Nfg5 h6 15.
Nf3 Nf6 16. Ba2 Qd7 17. Nxf6+ Bxf6 18. Be3 Rfd8 19. Rad1 Ne7 20. Qe2 Nf5 21. Ne5
Bxe5 22. dxe5 Qc6 23. f3 Nxe3 24. Qxe3 Qc2 25. Qe2 Qxe2 26. Rxd8+ Rxd8 27. Rxe2
Rd1+ 28. Kf2 Bd5 29. Bxd5 Rxd5 30. f4 Kf8 31. Ke3 Ke7 32. Ke4 g6 33. g4 Rc5 34.
b3 Rc3 35. Re3 Rc2 36. Rh3 Rg2 37. Kf3 Rb2 38. Ke4 Rg2 39. Kf3 Rb2 40. Ke4 Rg2 1/2-1/2

[Event "Chigorin Memorial"]
[Site "St Petersburg RUS"]
[Date "2012.11.02"]
[Round "7.60"]
[White "Fomichenko, Eduard"]
[Black "Vavulin, Maksim"]
[Result "0-1"]
[WhiteTitle "IM"]
[WhiteElo "2460"]
[BlackElo "2293"]
[WhiteFideId "4132700"]
[BlackFideId "4169530"]
[EventDate "2012.10.27"]

1. Nf3 c5 2. c4 Nc6 3. Nc3 e5 4. g3 g6 5. Bg2 Bg7 6. O-O Nge7 7. Ne1 O-O 8. d3
d6 9. Nc2 Be6 10. Bd2 d5 11. cxd5 Nxd5 12. Ne3 Nxe3 13. Bxe3 Nd4 14. Rc1 Rc8 15.
Qa4 Qb6 16. b3 Rfd8 17. Qa3 h6 18. Rfe1 Bf8 19. Qb2 Qa6 20. f4 exf4 21. Bxf4 Bg7
22. Qd2 Kh7 23. Kh1 b5 24. e4 c4 25. b4 Nf3 26. Bxf3 Rxd3 27. Qf2 Bxc3 28. Rxc3
Rxc3 29. Be5 Rd3 30. Bg4 Qc6 31. Qf6 Rg8 32. Kg1 Rd7 33. Rf1 Qb6+ 34. Kh1 Bxg4
35. Qxf7+ Rg7 36. Qf4 Qe6 0-1

[Event "Chigorin Memorial"]
[Site "St Petersburg RUS"]
[Date "2012.11.02"]
[Round "7.63"]
[White "Chekhov, Sergei"]
[Black "Zhurikhin, Alexander"]
[Result "1/2-1/2"]
[WhiteTitle "FM"]
[WhiteElo "2443"]
[BlackElo "2254"]
[WhiteFideId "4195639"]
[BlackFideId "4139569"]
[EventDate "2012.10.27"]

1. e4 e5 2. Nf3 Nc6 3. Bb5 a6 4. Ba4 d6 5. O-O Bd7 6. d4 b5 7. Bb3 Nxd4 8. Nxd4
exd4 9. c3 dxc3 10. Qd5 Be6 11. Qc6+ Bd7 12. Qd5 Be6 13. Qc6+ Bd7 14. Qd5 Be6 1/2-1/2

[Event "Chigorin Memorial"]
[Site "St Petersburg RUS"]
[Date "2012.11.02"]
[Round "7.64"]
[White "Matinian, Nikita"]
[Black "Vunder, Andrey"]
[Result "1/2-1/2"]
[WhiteTitle "IM"]
[WhiteElo "2439"]
[BlackElo "2243"]
[WhiteFideId "24129100"]
[BlackFideId "4128338"]
[EventDate "2012.10.27"]

1. e4 e6 2. d4 d5 3. Nc3 Nf6 4. Bg5 dxe4 5. Nxe4 Nbd7 6. Nf3 Be7 7. Nxf6+ Bxf6
8. h4 O-O 9. Bd3 c5 10. Qe2 cxd4 11. Qe4 Qa5+ 12. b4 Qf5 13. Qxf5 exf5 14. Bxf5
Ne5 15. Nxd4 Nf3+ 16. gxf3 Bxd4 17. O-O-O Bxf5 18. Rxd4 Rfc8 19. c4 Be6 20. Kb2
Rxc4 21. Rxc4 Bxc4 22. Rc1 Rc8 23. Be3 a6 24. a4 Be6 25. Rd1 h5 26. Rc1 Rxc1 27.
Kxc1 Bd7 28. a5 Bc6 29. f4 Kh7 30. Kd2 Bf3 31. Bd4 Kg6 32. Ke3 Bc6 33. f3 f6 34.
Bc5 Kf5 35. Bf8 g6 36. Be7 Ke6 37. Bd8 Kf5 38. Be7 Ke6 39. Bd8 Kf5 40. Be7 Ke6
41. Bd8 1/2-1/2

[Event "Chigorin Memorial"]
[Site "St Petersburg RUS"]
[Date "2012.11.02"]
[Round "7.65"]
[White "Bajarani, Ulvi"]
[Black "Afanasiev, Nikita"]
[Result "1-0"]
[WhiteTitle "IM"]
[WhiteElo "2436"]
[BlackElo "2224"]
[WhiteFideId "13403028"]
[BlackFideId "24183555"]
[EventDate "2012.10.27"]

1. e4 d6 2. d4 Nf6 3. Nc3 g6 4. f4 Bg7 5. Nf3 O-O 6. Bd3 Nc6 7. O-O e5 8. dxe5
dxe5 9. f5 Nb4 10. Bg5 Nxd3 11. Qxd3 Qxd3 12. cxd3 gxf5 13. exf5 Nd7 14. Nd5 c6
15. f6 cxd5 16. fxg7 Re8 17. d4 e4 18. Nh4 Nb6 19. Rac1 Nc4 20. b3 Nb2 21. Rc7
Be6 22. Bh6 Rac8 23. Rxb7 a5 24. Nf5 Bxf5 25. Rxf5 1-0

[Event "Chigorin Memorial"]
[Site "St Petersburg RUS"]
[Date "2012.11.02"]
[Round "7.66"]
[White "Arslanov, Shamil"]
[Black "Kiselev, Pavel"]
[Result "1/2-1/2"]
[WhiteTitle "IM"]
[WhiteElo "2421"]
[BlackElo "2188"]
[WhiteFideId "4192826"]
[BlackFideId "4191102"]
[EventDate "2012.10.27"]

1. e4 c5 2. c3 d5 3. exd5 Qxd5 4. d4 Nf6 5. Nf3 Bg4 6. Be2 e6 7. h3 Bh5 8. O-O
Nc6 9. Be3 cxd4 10. cxd4 Be7 11. Nc3 Qd6 12. Qb3 O-O 13. Rfd1 Rfd8 14. a3 Nd5
15. Nxd5 Qxd5 16. Qxd5 Rxd5 17. g4 Bg6 18. Ne5 Nxe5 19. dxe5 Rxd1+ 20. Rxd1 Be4
21. Bf1 Kf8 22. Rc1 a6 23. Bg2 Bxg2 24. Kxg2 Bd8 25. f4 Ke8 26. f5 exf5 27. gxf5
Kd7 28. Kf3 g6 29. Ke4 a5 30. a4 Ra6 31. Rd1+ Ke8 32. Rd5 Rc6 33. Rc5 Kd7 34.
Rb5 Kc8 35. b3 Bc7 36. Bc5 gxf5+ 37. Kxf5 Rh6 38. Bd6 Bxd6 39. exd6 Rxh3 40.
Rc5+ Kd7 41. Rc7+ Kxd6 42. Rxb7 Kc6 43. Rb8 Kc7 44. Rf8 Rxb3 45. Rxf7+ Kb6 46.
Rxh7 Rb4 47. Ke5 Rxa4 48. Kd5 Rg4 49. Rh1 Kb5 50. Rb1+ Rb4 51. Rc1 Rb3 52. Kd4
Kb4 53. Rc8 a4 54. Rb8+ Ka3 55. Ra8 Rg3 56. Kc4 Rg7 57. Kc3 Rc7+ 58. Kd2 Kb3 59.
Rb8+ Ka2 60. Ra8 a3 61. Rb8 Ka1 62. Rb6 a2 63. Rb8 Rh7 64. Kc2 Rc7+ 1/2-1/2

[Event "Chigorin Memorial"]
[Site "St Petersburg RUS"]
[Date "2012.11.02"]
[Round "7.67"]
[White "Aitbayev, Aslan"]
[Black "Antinyan, Armen"]
[Result "1/2-1/2"]
[WhiteElo "2416"]
[BlackElo "2177"]
[WhiteFideId "13704613"]
[BlackFideId "13303112"]
[EventDate "2012.10.27"]

1. e4 e6 2. d4 d5 3. Nd2 dxe4 4. Nxe4 Nd7 5. Nf3 Ngf6 6. Nxf6+ Nxf6 7. g3 Be7 8.
Bg2 O-O 9. O-O Rb8 10. c4 Nd7 11. Bf4 b6 12. Qa4 Bb7 13. Rfd1 Qc8 14. Rac1 Bd6
15. Be3 Be4 16. d5 exd5 17. cxd5 Bxf3 18. Bxf3 Ne5 19. Bg2 Qf5 20. Qc2 Qh5 21.
h3 f5 22. f4 Nd7 23. Re1 Rbe8 24. Kh2 Re7 25. Bd4 Rfe8 26. Re6 Nc5 27. Bxc5 Bxc5
28. Rce1 Qf7 29. Rxe7 Rxe7 30. Rxe7 Qxe7 31. Qxf5 g6 32. Qe6+ Kg7 33. h4 a5 34.
Bf3 Bd6 35. h5 g5 36. Qg4 Kh6 37. Kh3 Qf6 38. Qe6 Qxe6+ 39. dxe6 gxf4 40. gxf4
Kg7 41. Kg4 h6 42. Kf5 Be7 43. Bc6 Bd6 44. b3 Be7 45. a4 Bd6 46. Bd7 Be7 47. Ke5
Bd6+ 48. Kd5 Kf6 49. f5 Ke7 50. Bc8 Bf4 51. Kc6 Be5 52. Ba6 Bd6 53. Bc4 Be5 54.
b4 axb4 55. Bb3 Bf4 1/2-1/2

[Event "Chigorin Memorial"]
[Site "St Petersburg RUS"]
[Date "2012.11.02"]
[Round "7.68"]
[White "Atabayev, Yusup"]
[Black "Bratus, Petr P"]
[Result "1-0"]
[WhiteTitle "FM"]
[WhiteElo "2407"]
[BlackElo "2114"]
[WhiteFideId "14001128"]
[BlackFideId "4168682"]
[EventDate "2012.10.27"]

1. e4 c5 2. Nf3 d6 3. d4 cxd4 4. Nxd4 Nf6 5. Nc3 a6 6. Be2 Nc6 7. Be3 Bd7 8. O-O
e6 9. f4 Be7 10. Kh1 Qc7 11. Qe1 b5 12. a3 Rc8 13. Qg3 g6 14. Rae1 h5 15. Kg1 b4
16. Nxc6 Bxc6 17. axb4 Bxe4 18. Nxe4 Nxe4 19. Qf3 d5 20. Bxa6 Bxb4 21. c3 Bc5
22. Bxc8 Nd2 23. Qe2 Bxe3+ 24. Qxe3 Nxf1 25. Qd4 O-O 26. Bxe6 Nxh2 27. Qf6 Nf3+
28. gxf3 fxe6 29. Qxg6+ Qg7 30. Rxe6 d4 31. cxd4 Qxg6+ 32. Rxg6+ Kf7 33. Rg5 Ke6
34. Rxh5 Rxf4 35. Kf2 Rxd4 36. Rb5 Rd1 37. Kg3 Re1 38. Kf4 Re2 39. Rb6+ Kd5 40.
Kf5 Re8 41. f4 Rf8+ 42. Kg4 Rg8+ 43. Kf3 Rf8 44. Rb3 Kc4 45. Rb7 Kd5 46. Rd7+
Kc6 47. Rd2 Kc5 48. Ke4 Re8+ 49. Kd3 Rd8+ 50. Kc3 Rf8 51. b4+ Kc6 52. Rd4 Rf7
53. Kd3 1-0

[Event "Chigorin Memorial"]
[Site "St Petersburg RUS"]
[Date "2012.11.02"]
[Round "7.69"]
[White "Pyatin, Alexander"]
[Black "Nikologorskiy, Konstantin"]
[Result "1-0"]
[BlackTitle "FM"]
[WhiteElo "2091"]
[BlackElo "2400"]
[WhiteFideId "24125920"]
[BlackFideId "24111708"]
[EventDate "2012.10.27"]

1. e4 c5 2. Nf3 d6 3. d4 cxd4 4. Nxd4 Nf6 5. Nc3 a6 6. Bg5 Nbd7 7. Bc4 e6 8. f4
Qb6 9. Bb3 Be7 10. Qd2 h6 11. Bxf6 Nxf6 12. O-O-O Qc7 13. Kb1 Bd7 14. Rhe1 O-O
15. e5 Ne8 16. f5 Bg5 17. Qd3 d5 18. fxe6 fxe6 19. Nf3 Bc6 20. Nxg5 hxg5 21. Qg6
Qe7 22. Nxd5 1-0

[Event "Chigorin Memorial"]
[Site "St Petersburg RUS"]
[Date "2012.11.02"]
[Round "7.70"]
[White "Nezad, Husein Aziz"]
[Black "Pershin, Denis"]
[Result "1-0"]
[WhiteTitle "IM"]
[WhiteElo "2396"]
[BlackElo "2100"]
[WhiteFideId "12100293"]
[BlackFideId "24165506"]
[EventDate "2012.10.27"]

1. d4 Nf6 2. c4 e6 3. Nc3 Bb4 4. Qc2 d5 5. a3 Bxc3+ 6. Qxc3 c5 7. dxc5 d4 8. Qc2
e5 9. Bg5 h6 10. Bh4 Qe7 11. e3 dxe3 12. O-O-O Nc6 13. Nf3 g5 14. Bg3 h5 15.
fxe3 Ng4 16. Bf2 Bf5 17. Qxf5 Nxf2 18. Rd6 Nxh1 19. Nxg5 Nf2 20. Rf6 Ng4 21.
Rxf7 Qxg5 22. Qd7# 1-0

[Event "Chigorin Memorial"]
[Site "St Petersburg RUS"]
[Date "2012.11.02"]
[Round "7.71"]
[White "Annageldyev, Orazly"]
[Black "Nasybullina, Alfia"]
[Result "1-0"]
[WhiteTitle "GM"]
[WhiteElo "2394"]
[BlackElo "2076"]
[WhiteFideId "14000016"]
[BlackFideId "4132416"]
[EventDate "2012.10.27"]

1. e4 e6 2. d4 d5 3. Nc3 Bb4 4. exd5 exd5 5. Bd3 c6 6. Qf3 Qf6 7. Bf4 Ne7 8. Qg3
Nd7 9. Ne2 Ng6 10. Bg5 Qe6 11. O-O O-O 12. Rae1 Qd6 13. Nf4 Nxf4 14. Bxf4 Qf6
15. Re3 Qxd4 16. a3 Bc5 17. b4 Bb6 18. Ne2 Qb2 19. Re7 g6 20. c3 Nf6 21. Bh6 Bd8
22. Qe5 Bxe7 23. Qxe7 Nd7 24. Bf5 1-0

[Event "Chigorin Memorial"]
[Site "St Petersburg RUS"]
[Date "2012.11.02"]
[Round "7.72"]
[White "Zhilchikov, Nikolai"]
[Black "Lugovskoy, Maxim"]
[Result "1-0"]
[BlackTitle "FM"]
[WhiteElo "2077"]
[BlackElo "2372"]
[WhiteFideId "4137264"]
[BlackFideId "24126454"]
[EventDate "2012.10.27"]

1. d4 d5 2. c4 e6 3. Nc3 Be7 4. Nf3 Nf6 5. Bg5 O-O 6. e3 h6 7. Bh4 Ne4 8. Bxe7
Qxe7 9. Bd3 Nxc3 10. bxc3 c5 11. O-O Nc6 12. Rb1 Rd8 13. Qa4 dxc4 14. Bxc4 e5
15. d5 Nb8 16. Rfd1 Nd7 17. d6 Qf6 18. Bd5 Nf8 19. Qc4 Rxd6 20. Qxc5 Kh8 21. Be4
Rxd1+ 22. Rxd1 Bg4 23. Bxb7 Re8 24. h3 Bh5 25. g4 Bg6 26. Bc6 Rc8 27. Nxe5 Be4
28. Qd6 Bxc6 29. Nxc6 Ne6 30. c4 Kh7 31. Nd4 Rd8 32. Qc6 Kg8 33. Rd2 g6 34. Nf3
Rb8 35. Qe4 Qa1+ 36. Kg2 Rb1 37. Qa8+ Kg7 38. Qe4 Kg8 39. Qa8+ Kg7 40. Qe4 Kg8
41. c5 Rc1 42. c6 Qc3 43. Rd6 Kh7 44. Rd7 Kg8 45. Rxa7 Rc2 46. Re7 Kf8 47. Rb7
Kg8 48. Rb8+ Kg7 49. Qe5+ Qxe5 50. Nxe5 Kf6 51. Nd7+ Ke7 52. Nb6 Rxc6 53. Rb7+
Kd6 54. Rd7+ Ke5 55. Na4 Ra6 56. Nc3 Ra3 57. Rd3 Ra5 58. a4 f5 59. f4+ Kf6 60.
Rd5 Ra6 61. Kf3 Rc6 62. Nb5 Rc2 63. gxf5 gxf5 64. Rd6 Ra2 65. Nd4 Rxa4 66. Rxe6+ 1-0

[Event "Chigorin Memorial"]
[Site "St Petersburg RUS"]
[Date "2012.11.02"]
[Round "7.73"]
[White "Yandarbiev, Ruslan"]
[Black "Belov, Nikita"]
[Result "1-0"]
[WhiteTitle "IM"]
[WhiteElo "2356"]
[BlackElo "2034"]
[WhiteFideId "4115023"]
[BlackFideId "24167177"]
[EventDate "2012.10.27"]

1. d4 Nf6 2. Nf3 g6 3. Nc3 d5 4. Bf4 Bg7 5. Nb5 Na6 6. e3 c6 7. Na3 Nc7 8. Bd3
O-O 9. O-O Nh5 10. Bg5 c5 11. c3 c4 12. Bc2 b5 13. Nb1 a5 14. Nbd2 b4 15. Re1
Nb5 16. Ba4 bxc3 17. Bxb5 cxd2 18. Qxd2 f6 19. Bh4 g5 20. Bg3 Nxg3 21. hxg3 Rb8
22. Ba4 Bf5 23. b3 e5 24. bxc4 Rb4 25. Bd1 dxc4 26. e4 Bxe4 27. Rxe4 f5 28. Re1
e4 29. a3 Rb6 30. Nh2 Qxd4 31. Qxd4 Bxd4 32. Rc1 Rb2 33. Bc2 Ra2 34. a4 Rb8 35.
Re2 Rbb2 36. Nf1 Kf8 37. Ne3 Bxe3 38. fxe3 Ke7 39. Kf1 Kd6 40. Bd1 Kc5 41. Rxb2
Rxb2 42. Bc2 c3 43. g4 f4 44. exf4 gxf4 45. Bxe4 Kd4 46. Bxh7 f3 47. Rc2 fxg2+
48. Kxg2 Rb4 49. Ra2 Kc4 50. Kf3 Rb7 51. Be4 Re7 52. g5 Rd7 53. g6 Kb3 54. Rg2 1-0

[Event "Chigorin Memorial"]
[Site "St Petersburg RUS"]
[Date "2012.11.02"]
[Round "7.74"]
[White "Trapeznikova, Darya"]
[Black "Dmitriev, Igor"]
[Result "0-1"]
[BlackTitle "IM"]
[WhiteElo "2072"]
[BlackElo "2340"]
[WhiteFideId "24121118"]
[BlackFideId "4114833"]
[EventDate "2012.10.27"]

1. d4 g6 2. c4 Bg7 3. Nc3 c5 4. d5 Bxc3+ 5. bxc3 Qa5 6. Qb3 f5 7. g3 Nf6 8. Bg2
d6 9. Qb5+ Qxb5 10. cxb5 Nbd7 11. Bb2 Nb6 12. Rd1 Bd7 13. c4 Nxc4 14. Bxf6 exf6
15. a4 a6 16. Nh3 axb5 17. axb5 g5 18. O-O Kd8 19. Rfe1 Re8 20. Rb1 Kc7 21. Kh1
Ra5 22. Ng1 Rxb5 23. Rxb5 Bxb5 24. e3 Ne5 25. Nf3 Nxf3 26. Bxf3 Bd3 0-1

[Event "Chigorin Memorial"]
[Site "St Petersburg RUS"]
[Date "2012.11.02"]
[Round "7.75"]
[White "Belousov, Danila"]
[Black "Kantyshev, Nikita"]
[Result "1-0"]
[WhiteTitle "FM"]
[WhiteElo "2340"]
[BlackElo "1898"]
[WhiteFideId "4167350"]
[BlackFideId "4186737"]
[EventDate "2012.10.27"]

1. e4 e5 2. Nf3 Nc6 3. Bb5 Nge7 4. O-O g6 5. c3 Bg7 6. d4 exd4 7. Nxd4 O-O 8.
Bg5 Nxd4 9. cxd4 c6 10. Bc4 d5 11. exd5 cxd5 12. Bb3 Qd6 13. Nc3 Be6 14. Qd2 Nf5
15. Bf4 Qb4 16. Rad1 Qxd4 17. Qc1 Qc5 18. Bxd5 Bxd5 19. Nxd5 Qxc1 20. Rxc1 Rad8
21. Nc3 Rd4 22. g3 Rd3 23. Rfd1 Rxd1+ 24. Rxd1 Nd4 25. Be3 Nc6 26. Rd7 b6 27.
Rc7 Ne5 28. Rxa7 Nc4 29. Bc1 Rd8 30. Kg2 Rc8 31. Nd5 Re8 32. b3 Nd6 33. Bf4 Nf5
34. Nxb6 Bd4 35. Ra8 Rxa8 36. Nxa8 Ne7 37. Nc7 Bb6 38. Nb5 Nd5 39. Bd2 1-0

[Event "Chigorin Memorial"]
[Site "St Petersburg RUS"]
[Date "2012.11.02"]
[Round "7.76"]
[White "Popov, Valerij"]
[Black "Belenkaya, Dina"]
[Result "1/2-1/2"]
[WhiteTitle "GM"]
[BlackTitle "WFM"]
[WhiteElo "2577"]
[BlackElo "2189"]
[WhiteFideId "4119410"]
[BlackFideId "24142654"]
[EventDate "2012.10.27"]

1. e4 c6 2. Nc3 d5 3. Nf3 dxe4 4. Nxe4 Nf6 5. Nxf6+ exf6 6. Bc4 Bd6 7. Qe2+ Qe7
8. Qxe7+ Kxe7 9. O-O Rd8 10. Re1+ Kf8 11. d4 Bg4 12. Nh4 g5 13. Nf3 Bxf3 14.
gxf3 Nd7 15. h4 h6 16. c3 Nb6 17. Bb3 Nd5 18. c4 Nf4 19. Bxf4 Bxf4 20. d5 cxd5
21. cxd5 Re8 22. Re4 Rad8 23. Rb4 b6 24. Kf1 Re7 25. Rd1 Red7 26. Ke2 Ke7 1/2-1/2

[Event "Chigorin Memorial"]
[Site "St Petersburg RUS"]
[Date "2012.11.02"]
[Round "7.77"]
[White "Svetlov, Dmitry"]
[Black "Shaydullina, Sandugach"]
[Result "1-0"]
[WhiteTitle "FM"]
[BlackTitle "WGM"]
[WhiteElo "2399"]
[BlackElo "2162"]
[WhiteFideId "24102610"]
[BlackFideId "4140389"]
[EventDate "2012.10.27"]

1. c4 Nf6 2. d4 e6 3. g3 d5 4. Nf3 dxc4 5. Bg2 Nc6 6. Qa4 Bb4+ 7. Bd2 Bd6 8.
Qxc4 Bd7 9. O-O b5 10. Qc2 Rb8 11. e4 e5 12. dxe5 Nxe5 13. Nxe5 Bxe5 14. Bb4 Rb6
15. Nc3 Rc6 16. a3 Qb8 17. Qd2 a5 18. Bxa5 O-O 19. Nd5 Re8 20. Nxf6+ Bxf6 21.
Qxd7 Rc2 22. Rac1 Re7 23. Qxe7 Bxe7 24. Rxc2 Bd6 25. Bxc7 Bxc7 26. Rfc1 Bd8 27.
Rc8 Qd6 28. e5 Qd7 29. Bb7 f6 30. Rxd8+ Qxd8 31. Rc8 Qxc8 32. Bxc8 fxe5 33. Bd7
b4 34. a4 Kf7 35. a5 Ke7 36. a6 Kxd7 37. a7 1-0

[Event "Chigorin Memorial"]
[Site "St Petersburg RUS"]
[Date "2012.11.02"]
[Round "7.78"]
[White "Golubov, Saveliy"]
[Black "Tseitlin, Mark D"]
[Result "1-0"]
[BlackTitle "GM"]
[WhiteElo "2189"]
[BlackElo "2390"]
[WhiteFideId "24176729"]
[BlackFideId "2800128"]
[EventDate "2012.10.27"]

1. e4 c5 2. Nf3 d6 3. d4 cxd4 4. Nxd4 Nf6 5. f3 Nc6 6. c4 Nxd4 7. Qxd4 g6 8. Be3
Bg7 9. Qd2 O-O 10. Nc3 Be6 11. Nd5 a6 12. Be2 b5 13. cxb5 axb5 14. Bxb5 Rb8 15.
Nc3 Qa5 16. a4 Nxe4 17. fxe4 Bxc3 18. Qxc3 Rxb5 19. Qxa5 Rxa5 20. b4 Re5 21. Kd2
Rxe4 22. Rhb1 Bc4 23. a5 f5 24. a6 f4 25. Bg1 Re2+ 26. Kc3 Rc8 27. a7 Bd5+ 28.
Kd3 Rxg2 29. Rc1 Rxc1 30. Rxc1 Kf7 31. b5 e5 32. Rc6 Ra2 33. Rxd6 Bg2 34. b6 e4+
35. Kd4 e3 36. Rd7+ Ke6 37. b7 Bxb7 38. Rxb7 Kf5 39. h3 h5 40. Rf7+ Kg5 41. Ke4
Ra1 42. h4+ Kh6 43. Kf3 g5 44. Rf6+ Kg7 45. hxg5 Rxa7 46. Kxf4 e2 47. Bf2 Ra4+
48. Kf3 Rg4 49. Kxe2 Rxg5 50. Bd4 Kh7 51. Be3 Rg4 52. Rh6+ Kg7 53. Rxh5 Kf7 54.
Kf3 Ra4 55. Rh6 Ke7 56. Bf4 Kd7 57. Be5 Rc4 58. Ke3 Rc1 59. Ke4 Kc8 60. Rh7 Rc5
61. Bd6 Rb5 62. Kd4 Ra5 63. Bc5 Ra6 64. Kd5 Kb8 65. Bd6+ Ka8 66. Rh8+ Kb7 67.
Rb8+ Ka7 68. Rb3 Ka8 69. Ke6 Rc6 70. Kd7 Rc2 71. Bc7 Ka7 72. Kc8 Rc6 73. Rb5 Ra6
74. Rb7+ Ka8 75. Bb6 1-0

[Event "Chigorin Memorial"]
[Site "St Petersburg RUS"]
[Date "2012.11.02"]
[Round "7.79"]
[White "Shuraev, Andrei"]
[Black "Torlopov, Nikita"]
[Result "1-0"]
[WhiteTitle "IM"]
[WhiteElo "2368"]
[BlackElo "2184"]
[WhiteFideId "4115295"]
[BlackFideId "4191722"]
[EventDate "2012.10.27"]

1. c4 e6 2. g3 d5 3. Bg2 Nf6 4. Nf3 d4 5. O-O c5 6. e3 Nc6 7. exd4 cxd4 8. d3
Be7 9. Re1 O-O 10. Nbd2 Nd7 11. a3 a5 12. Qc2 e5 13. Rb1 Qc7 14. Ne4 h6 15. g4
Re8 16. h3 Bf8 17. b3 b6 18. Nh4 Rb8 19. Nf5 Nd8 20. b4 axb4 21. axb4 Ne6 22.
Bd2 Kh7 23. Qc1 Bb7 24. h4 f6 25. Ra1 Ra8 26. Rxa8 Rxa8 27. Bh3 Ra4 28. g5 g6
29. Nxh6 Bxh6 30. Bxe6 Bxe4 31. Rxe4 f5 32. Bxd7 Qxd7 33. Rxe5 Bg7 34. Re1 Ra2
35. Bf4 Bf8 36. c5 bxc5 37. bxc5 Qa4 38. c6 Rc2 39. c7 Qc6 40. Qxc2 Qxc2 41. Rc1
Qe2 42. c8=Q Qg4+ 43. Bg3 Bg7 44. Qd7 1-0

[Event "Chigorin Memorial"]
[Site "St Petersburg RUS"]
[Date "2012.11.02"]
[Round "7.81"]
[White "Dimukhametov, Artur"]
[Black "Nedostup, Daniil"]
[Result "1/2-1/2"]
[WhiteTitle "FM"]
[WhiteElo "2347"]
[BlackElo "2152"]
[WhiteFideId "4195680"]
[BlackFideId "24121576"]
[EventDate "2012.10.27"]

1. Nf3 d5 2. d4 e6 3. c4 Nf6 4. Nc3 c6 5. Bg5 h6 6. Bxf6 Qxf6 7. Qb3 a5 8. c5
Nd7 9. e4 e5 10. dxe5 Nxe5 11. Nxd5 Nxf3+ 12. gxf3 cxd5 13. Bb5+ Kd8 14. O-O-O
d4 15. Rxd4+ Qxd4 16. Rd1 Qxd1+ 17. Qxd1+ Kc7 18. Qd5 Be6 19. Qe5+ Kd8 20. f4
Rc8 21. Qd4+ Kc7 22. Qe5+ Kd8 23. Qd4+ Kc7 24. Qe5+ Kd8 25. Qd4+ Kc7 1/2-1/2